Test de Rapidité - Lettre "T" - Statistiques

Statistiques générales
  • Ce quiz a été pris 865 fois
  • Le résultat moyen est 91 sur 100
Statistiques - réponses
Lettre "T" % Correct
T
100%
T
99%
T
99%
T
98%
T
98%
T
98%
T
98%
T
97%
T
97%
T
97%
T
97%
T
97%
T
96%
T
96%
T
96%
T
96%
T
96%
T
96%
T
96%
T
96%
T
96%
T
96%
T
96%
T
96%
T
95%
T
95%
T
95%
T
95%
T
95%
T
95%
T
95%
T
95%
T
95%
T
95%
T
95%
T
95%
T
94%
T
94%
T
94%
T
94%
T
94%
T
94%
T
94%
T
94%
T
94%
T
94%
T
94%
T
94%
T
94%
T
94%
T
93%
T
93%
T
93%
T
93%
T
93%
T
93%
T
93%
T
92%
T
92%
T
92%
T
92%
T
92%
T
92%
T
92%
T
92%
T
92%
T
92%
T
92%
T
92%
T
91%
T
91%
T
90%
T
90%
T
89%
T
89%
T
89%
T
88%
T
88%
T
87%
T
87%
T
86%
T
86%
T
85%
T
85%
T
85%
T
84%
T
84%
T
83%
T
83%
T
82%
T
81%
T
80%
T
80%
T
79%
T
78%
T
77%
T
76%
T
74%
T
73%
T
71%
Aucun quiz correspondant
Distribution des résultats
% des personnes avec chaque résultat
Percentile par nombre de réponses
Votre historique - résultats
Vous n’avez pas pris ce quiz